Les mémoires d'Henri de Lorraine Duc de Guise. (Record no. 154929)

MARC details
000 -LEADER
campo de control de longitud fija 00727nam a2200205 i 4500
001 - NÚMERO DE CONTROL
campo de control 154929
003 - IDENTIFICADOR DE NÚMERO DE CONTROL
campo de control ES-MaACL
005 - FECHA Y HORA DE LA ÚLTIMA TRANSACCIÓN
campo de control 20251110063229.0
008 - DATOS DE LONGITUD FIJA--INFORMACIÓN GENERAL
campo de control de longitud fija 040824s1681 fr |||| | fre d
040 ## - FUENTE DE CATALOGACIÓN
Centro catalogador/agencia de origen CAM
Lengua de catalogación spa
Centro/agencia transcriptor CAM
100 1# - ENTRADA PRINCIPAL--NOMBRE DE PERSONA
Nombre de persona Guise, Henri de Lorraine,
Títulos y otros términos asociados al nombre Duc de,
Fechas asociadas al nombre 1614-1664
9 (RLIN) 127634
245 14 - MENCIÓN DEL TÍTULO
Título Les mémoires d'Henri de Lorraine Duc de Guise.
250 ## - MENCION DE EDICION
Mención de edición Nouvelle edition.
260 ## - PUBLICACIÓN, DISTRIBUCIÓN, ETC.
Lugar de publicación, distribución, etc. A Paris :
Nombre del editor, distribuidor, etc. chez la veuve d'Edme Martin ... & Sebastien Mabre-Cramoisy ...,
Fecha de publicación, distribución, etc. 1681.
300 ## - DESCRIPCIÓN FÍSICA
Extensión [10], 580, [6] p. ;
Dimensiones 12º.
597 ## - NOTA DE DESCRIPCIÓN FÍSICA
NOTA DE DESCRIPCIÓN FÍSICA Sign.: a6, A-2A12, 2B5.
597 ## - NOTA DE DESCRIPCIÓN FÍSICA
NOTA DE DESCRIPCIÓN FÍSICA Port. con escudo grab. calc.
852 ## - LOCALIZACIÓN
Ubicación ES-MaACL
Número de control de estantería R-991
Nota libre -- Enc. pasta española
Encuadernación Olim: G-9066
Holdings
Estatus retirado Estado de pérdida Estado de daño No para préstamo Colección Biblioteca de origen Biblioteca actual Ubicación en estantería Fecha de adquisición Fuente de adquisición Total de préstamos Signatura topográfica completa Código de barras Visto por última vez Precio de reemplazo Tipo de ítem Koha
        Libros del s. XVII Biblioteca del Ateneo de Madrid Biblioteca del Ateneo de Madrid Depósito 17/01/2008     R-991 1162060 23/02/2023 23/02/2023 Libro impreso antiguo